| 000 | 00710cam a22002172 4500 | ||
|---|---|---|---|
| 001 | 0000000823 | ||
| 005 | 20151217151758.0 | ||
| 008 | 070220s xx 000 0 eng d | ||
| 020 |
_a0851118313 : _cKES 890 |
||
| 040 |
_aKABU _cKABU |
||
| 050 | 0 |
_aBS1415.3 _b.A5 1976 |
|
| 100 | 1 |
_aAndersen, Francis I. _@0000149200 |
|
| 245 | 1 | 0 |
_aJob : _ban introduction and commentary / _cFrancis I. Andersen. |
| 260 |
_aLeicester : _bInter Varsity Press, _c1976. |
||
| 300 |
_a294 p. ; _c19 cm. |
||
| 440 | 4 |
_aThe Tyndale Old Testament commentaries _@0000149187 |
|
| 630 | 0 | 0 |
_aBible. _pO.T. _pJob. _xCommentaries. _@0000149201 |
| 908 | _a070220 | ||
| 950 | _@1 | ||
| 999 |
_c4931 _d4931 |
||